[Event "Tournoi Skype 016B"]
[Site "Skype"]
[Date "????.??.??"]
[Round "3.20"]
[White "Torres, Vicky"]
[Black "Amato, Ludovica"]
[Result "1-0"]
[WhiteElo "1399"]
[BlackElo "1188"]
[PlyCount "61"]

1. c4 e5 2. Nc3 Nf6 3. e3 Nc6 4. Nge2 d5 5. cxd5 Nxd5 6. d4 exd4 7. exd4 Be7 8.
Nf4 Nf6 9. d5 Ne5 10. Bb5+ Bd7 11. Qd4 Neg4 12. O-O O-O 13. Be2 Bc6 14. f3 b6
15. fxg4 Bc5 16. Qxc5 bxc5 17. dxc6 Qd4+ 18. Kh1 Rfe8 19. Nb5 Qe5 20. Rb1 Qe4
21. Nxc7 Qxb1 22. Nxe8 Rxe8 23. a3 Rc8 24. g5 Ne8 25. Bd3 Qa2 26. Be4 Qc4 27.
Re1 Nd6 28. Bd5 Re8 29. Rxe8+ Nxe8 30. Bxc4 Nd6 31. c7 1-0

[Event "Tournoi Skype 016B"]
[Site "Skype"]
[Date "????.??.??"]
[Round "3.21"]
[White "Rivas, Jonathan"]
[Black "Douichi, Mohammed"]
[Result "1-0"]
[WhiteElo "1379"]
[BlackElo "1176"]
[PlyCount "51"]

1. e4 e5 2. Nf3 Nc6 3. Bc4 Nf6 4. Nc3 Bc5 5. d3 O-O 6. Bg5 Be7 7. O-O h6 8. Bh4
d6 9. h3 a6 10. a3 b5 11. Ba2 Na5 12. b4 Nb7 13. Qe2 c6 14. d4 exd4 15. Nxd4
Qb6 16. Rad1 Nd8 17. Nf5 Bxf5 18. exf5 Qc7 19. Ne4 d5 20. Nxf6+ Bxf6 21. Bxf6
gxf6 22. Qh5 Kh7 23. Rd4 Qe5 24. Rh4 Kg8 25. Qxh6 Re8 26. Qh8# 1-0

[Event "Tournoi Skype 016B"]
[Site "Skype"]
[Date "????.??.??"]
[Round "3.22"]
[White "Perrone, Gabriel Lorenzo"]
[Black "Kruk, Clementine"]
[Result "1-0"]
[WhiteElo "1404"]
[BlackElo "1107"]
[PlyCount "113"]

1. d4 d5 2. c4 e6 3. a3 Nc6 4. Nc3 Nf6 5. Nf3 Bd7 6. Bg5 Ne7 7. e3 b6 8. Bd3 h6
9. Bxf6 gxf6 10. cxd5 exd5 11. O-O Bg4 12. Re1 f5 13. h3 Bh5 14. Be2 Bxf3 15.
Bxf3 c5 16. Qa4+ Qd7 17. Qxd7+ Kxd7 18. Nxd5 Nxd5 19. Bxd5 Rd8 20. Bxf7 Rh7 21.
Bg6 Rg7 22. Bxf5+ Kc7 23. Rac1 Bd6 24. b4 Rdg8 25. Be4 Rg5 26. Kf1 Re8 27. bxc5
Rxe4 28. cxd6+ Kxd6 29. Re2 a6 30. Rec2 Re6 31. Rc6+ Kd7 32. Rxe6 Kxe6 33. Rc6+
Kd5 34. Rxb6 a5 35. Rxh6 Kc4 36. Rc6+ Kb3 37. Rc5 Rg8 38. Rxa5 Rc8 39. Rc5 Ra8
40. d5 Rxa3 41. d6 Ra8 42. e4 Kb4 43. Rc7 Rd8 44. e5 Kb5 45. d7 Kb6 46. Rc8
Rxd7 47. f4 Kb7 48. Rf8 Rd3 49. f5 Rd1+ 50. Ke2 Rd5 51. e6 Re5+ 52. Kf3 Kc7 53.
Kf4 Re2 54. g4 Kd6 55. Rd8+ Ke7 56. Rd7+ Kf6 57. g5# 1-0

[Event "Tournoi Skype 016B"]
[Site "Skype"]
[Date "????.??.??"]
[Round "3.24"]
[White "Richmond, Aaron"]
[Black "Bustos, Ricardo"]
[Result "0-1"]
[WhiteElo "1399"]
[BlackElo "1197"]
[PlyCount "44"]

1. Nc3 Nf6 2. d4 d5 3. Be3 e6 4. Qd3 a6 5. g4 Be7 6. Bh3 Bb4 7. O-O-O Be7 8.
Nf3 Nc6 9. Rhg1 Qd6 10. Rg2 h6 11. b3 Nb4 12. Qd2 Bd7 13. g5 Ne4 14. Nxe4 dxe4
15. Rg3 exf3 16. exf3 O-O-O 17. gxh6 gxh6 18. a3 Na2+ 19. Kb1 Qxa3 20. Qc1 Nxc1
21. Bxh6 Nxb3 22. Rd3 Qa1# 0-1

[Event "Tournoi Skype 016B"]
[Site "Skype"]
[Date "????.??.??"]
[Round "3.25"]
[White "Bouffard, Georges"]
[Black "Talbot, Jean"]
[Result "1/2-1/2"]
[WhiteElo "1399"]
[BlackElo "1041"]
[PlyCount "132"]

1. e4 e5 2. Nf3 Nc6 3. c3 Bc5 4. d4 exd4 5. cxd4 Bb4+ 6. Bd2 Nf6 7. Bd3 O-O 8.
O-O Re8 9. Re1 d5 10. e5 Ng4 11. Re2 h6 12. a3 Ba5 13. b4 Bb6 14. Bc3 f6 15. h3
Ngxe5 16. dxe5 fxe5 17. b5 d4 18. Be1 Nb8 19. Nbd2 Qf6 20. Ne4 Qf5 21. g4 Qf4
22. Bd2 Qf7 23. Kg2 Qg6 24. Nh2 h5 25. f3 c6 26. Qb3+ Be6 27. Bc4 cxb5 28. Qxb5
a6 29. Qb3 Nc6 30. Qd3 Rad8 31. Bg5 Rd7 32. Rb2 Ba7 33. Bxe6+ Qxe6 34. Rc1 hxg4
35. Nxg4 Ne7 36. Bxe7 Qxe7 37. Rf2 b5 38. Rh1 Bc5 39. Nxc5 Qxc5 40. Rc2 Qd5 41.
Re1 Rf7 42. Rf2 a5 43. Rxe5 Rxe5 44. Nxe5 Qxe5 45. Qe4 Qxe4 46. fxe4 g5 47. Rd2
Rd7 48. Rd3 Kf7 49. Kf3 Kf6 50. Kg4 Ke5 51. Kxg5 Kxe4 52. Rd1 Rg7+ 53. Kf6 Rh7
54. Re1+ Kf3 55. Re5 Rxh3 56. Rxb5 Rh6+ 57. Kg5 Rc6 58. Rf5+ Ke4 59. Rxa5 d3
60. Ra4+ Ke3 61. Rh4 Rc5+ 62. Kf6 d2 63. Rh3+ Ke2 64. Rh2+ Ke1 65. Rh1+ Ke2 66.
Rh2+ Ke1 1/2-1/2

[Event "Tournoi Skype 016B"]
[Site "Skype"]
[Date "????.??.??"]
[Round "3.26"]
[White "Rival, Jocelyn"]
[Black "Vervoort, Jean-Louis"]
[Result "0-1"]
[WhiteElo "1040"]
[BlackElo "1293"]
[PlyCount "52"]

1. e4 e5 2. Nf3 Nf6 3. Nc3 c5 4. d3 Nc6 5. Bg5 Be7 6. g3 d6 7. Bg2 O-O 8. O-O
Bg4 9. h3 Bh5 10. Re1 Nd4 11. g4 Bg6 12. Nh4 Qb6 13. Rb1 h6 14. Be3 Bh7 15. f3
Nd7 16. Nd5 Qd8 17. b3 Bxh4 18. Rf1 b5 19. c3 Nc6 20. b4 cxb4 21. cxb4 Nf6 22.
Qc2 Rc8 23. Bxa7 Nxa7 24. Nc3 Qb6+ 25. d4 Qxd4+ 26. Rf2 Bxf2+ 0-1

[Event "Tournoi Skype 016B"]
[Site "Skype"]
[Date "????.??.??"]
[Round "3.27"]
[White "Farfallini, Michel"]
[Black "Moumtaz, Abderrahim"]
[Result "1-0"]
[WhiteElo "1278"]
[BlackElo "1018"]
[PlyCount "57"]

1. e4 e5 2. Nf3 Nf6 3. Nxe5 Nxe4 4. d3 Nf6 5. Nc3 d6 6. Nf3 Be7 7. Be3 O-O 8.
Qd2 d5 9. Bf4 Nc6 10. O-O-O d4 11. Nb5 Bb4 12. Qe2 Ba5 13. Nbxd4 Re8 14. Nxc6
bxc6 15. Ne5 Bg4 16. f3 Be6 17. Nxc6 Qd5 18. Nxa5 Qxa2 19. Bxc7 Rac8 20. Qe5
Qa1+ 21. Kd2 Qa4 22. Qc3 Qd7 23. Qc6 Rxc7 24. Qxd7 Rxd7 25. Kc1 Rc7 26. Re1 Nd5
27. d4 Nb4 28. Bc4 Bxc4 29. Rxe8# 1-0

[Event "Tournoi Skype 016B"]
[Site "Skype"]
[Date "????.??.??"]
[Round "3.28"]
[White "Blaevoet, Rebecca"]
[Black "Gagnon, Sindy"]
[Result "1-0"]
[WhiteElo "1273"]
[BlackElo "1000"]
[PlyCount "41"]

1. e4 e5 2. Nf3 Nf6 3. Nxe5 d6 4. Bb5+ Nc6 5. Nxc6 bxc6 6. Bxc6+ Bd7 7. Bxa8
Qxa8 8. O-O Bc6 9. d3 d5 10. Qe2 Bd6 11. h3 a5 12. exd5+ Ne4 13. Qxe4+ Kd7 14.
dxc6+ Kc8 15. Qf5+ Kd8 16. Bg5+ Be7 17. Qd5+ Ke8 18. Re1 Kf8 19. Bxe7+ Kg8 20.
Bd8 a4 21. Re8# 1-0

[Event "Tournoi Skype 016B"]
[Site "Skype"]
[Date "????.??.??"]
[Round "3.29"]
[White "Khatanhar, Mohit"]
[Black "Marty, Yvette"]
[Result "1-0"]
[WhiteElo "1265"]
[BlackElo "1000"]
[PlyCount "33"]

1. e4 e5 2. Nf3 Nc6 3. Bc4 d6 4. d3 Bg4 5. h3 Nf6 6. hxg4 Nxg4 7. Ng5 Qf6 8.
Qxg4 h6 9. Bxf7+ Kd8 10. Qh5 Nd4 11. Na3 Nc6 12. Bd5 Ne7 13. Nf7+ Kc8 14. Nxh8
Nxd5 15. exd5 Kd7 16. Qg4+ Qe6 17. Qxe6+ 1-0

[Event "Tournoi Skype 016B"]
[Site "Skype"]
[Date "????.??.??"]
[Round "3.30"]
[White "Letourneau, Judith"]
[Black "Farthouat, Catherine"]
[Result "0-1"]
[WhiteElo "1000"]
[BlackElo "1071"]
[PlyCount "66"]

1. e4 e5 2. d4 Nc6 3. Nf3 Nf6 4. Bb5 Be7 5. O-O O-O 6. c3 d5 7. Be3 Bg4 8. h3
Bxf3 9. Qxf3 dxe4 10. Qe2 Na5 11. dxe5 Nd5 12. Bd4 a6 13. Ba4 c5 14. Nd2 Nf4
15. Qe3 Bg5 16. Nxe4 cxd4 17. cxd4 Rc8 18. b3 b5 19. Bxb5 axb5 20. a4 Nd5 21.
Qe2 Nxb3 22. Rab1 Nxd4 23. Rbd1 Nxe2+ 24. Kh1 bxa4 25. Rde1 Nec3 26. Ra1 Nxe4
27. Rxa4 Rc2 28. Rxe4 f5 29. Rd4 Re8 30. Ra4 Rxe5 31. Re1 Rxe1+ 32. Kh2 Bf4+
33. g3 Bxg3+ 0-1

[Event "Tournoi Skype 016B"]
[Site "Skype"]
[Date "????.??.??"]
[Round "4.1"]
[White "Raheja, Shiv"]
[Black "Talbot, Jacques"]
[Result "1-0"]
[WhiteElo "1373"]
[BlackElo "1444"]
[PlyCount "37"]

1. e4 e5 2. Bc4 Nf6 3. d3 d6 4. Nf3 Be7 5. Nc3 O-O 6. Ng5 h6 7. Nxf7 Rxf7 8.
Bxf7+ Kxf7 9. Qf3 Kg8 10. O-O Nc6 11. Ne2 Bg4 12. Qe3 d5 13. c3 d4 14. cxd4
exd4 15. Qd2 Bb4 16. Qd1 Qd7 17. Qb3+ Kf8 18. Nf4 Re8 19. Ng6# 1-0

[Event "Tournoi Skype 016B"]
[Site "Skype"]
[Date "????.??.??"]
[Round "4.2"]
[White "Hargez, Dany"]
[Black "Sauvaget, Joel"]
[Result "0-1"]
[WhiteElo "1361"]
[BlackElo "1377"]
[PlyCount "88"]

1. d4 d5 2. c4 Nf6 3. g3 Bg4 4. Bg2 c6 5. Nc3 e6 6. Bg5 Nbd7 7. a3 Be7 8. f3
Bf5 9. Bxf6 Nxf6 10. e4 dxe4 11. fxe4 Bg6 12. Nge2 Bh5 13. O-O O-O 14. e5 Nd5
15. cxd5 exd5 16. Nf4 Bxd1 17. Raxd1 Bg5 18. h4 Bxf4 19. Rxf4 Qb6 20. b4 Rae8
21. Re1 Re6 22. Na4 Qc7 23. Nc5 Ree8 24. Bh3 b6 25. Nd3 Qe7 26. Ref1 a5 27. Rf5
axb4 28. Nxb4 Qc7 29. Nd3 Qa7 30. Ra1 Qa4 31. Rf4 Qb3 32. Bf1 Ra8 33. a4 Rxa4
34. Rxa4 Qxa4 35. Kg2 Ra8 36. Kh3 Qc2 37. Rf2 Qc3 38. Rf4 Ra2 39. h5 Rd2 40. h6
gxh6 41. e6 fxe6 42. Rg4+ Kf8 43. Ne5 Rf2 44. Nd7+ Ke8 0-1

[Event "Tournoi Skype 016B"]
[Site "Skype"]
[Date "????.??.??"]
[Round "4.3"]
[White "Dubois, Real"]
[Black "Picard, Mario"]
[Result "1/2-1/2"]
[WhiteElo "1376"]
[BlackElo "1254"]
[PlyCount "129"]

1. d4 d5 2. c3 e6 3. g3 c5 4. Bg2 Be7 5. e4 Nf6 6. e5 Nfd7 7. Nf3 O-O 8. O-O
Nc6 9. Be3 cxd4 10. cxd4 b6 11. a3 Ba6 12. Re1 Na5 13. Nfd2 Nc4 14. Nxc4 dxc4
15. Nd2 Rc8 16. Qc2 b5 17. Be4 g6 18. Qc3 Bg5 19. Bxg5 Qxg5 20. Qa5 Nb8 21. Nf3
Qe7 22. Qb4 Nc6 23. Bxc6 Qxb4 24. axb4 Rxc6 25. Rec1 Bb7 26. Rxa7 Ba6 27. Ra1
c3 28. bxc3 Rxc3 29. Kg2 Bc8 30. R1a5 f6 31. Rxb5 fxe5 32. Rc5 Rxc5 33. dxc5 e4
34. Ne5 Rf5 35. Ng4 Rf3 36. Ra8 Rf8 37. Ne5 Bb7 38. Rxf8+ Kxf8 39. b5 e3+ 40.
c6 e2 41. Nf3 Bc8 42. Ne1 Ke7 43. Kf3 Kd6 44. Kxe2 Kc5 45. c7 Kxb5 46. Nc2 Kc6
47. Nd4+ Kxc7 48. Ke3 Kd6 49. Kf4 e5+ 50. Ke4 exd4 51. Kxd4 Bg4 52. Ke3 Ke5 53.
f3 Bh5 54. g4 Bxg4 55. fxg4 Kf6 56. Kf4 g5+ 57. Kg3 h6 58. h4 gxh4+ 59. Kxh4
Kg6 60. Kg3 Kg5 61. Kf3 Kh4 62. Kf4 Kh3 63. Kf5 Kg3 64. Kg6 Kxg4 65. Kxh6
1/2-1/2

[Event "Tournoi Skype 016B"]
[Site "Skype"]
[Date "????.??.??"]
[Round "4.4"]
[White "Yildirim, Cagri"]
[Black "Hague, Mark"]
[Result "1-0"]
[WhiteElo "1527"]
[BlackElo "1419"]
[PlyCount "49"]

1. e4 d5 2. exd5 Nf6 3. Nf3 Nxd5 4. d4 e6 5. c4 Bb4+ 6. Bd2 Bxd2+ 7. Qxd2 Nb6
8. Nc3 Nc6 9. Be2 Qe7 10. O-O Bd7 11. Rfe1 O-O-O 12. c5 Nd5 13. Nxd5 exd5 14.
b4 Qf6 15. b5 Ne7 16. Ne5 Be6 17. c6 b6 18. a4 Ng6 19. a5 Nxe5 20. axb6 Nxc6
21. bxc6 Bf5 22. Ba6+ Kb8 23. bxa7+ Kxa7 24. Bb7+ Kb6 25. Qa5# 1-0

[Event "Tournoi Skype 016B"]
[Site "Skype"]
[Date "????.??.??"]
[Round "4.5"]
[White "Martin, Jean-Claude"]
[Black "Briere, Jean"]
[Result "0-1"]
[WhiteElo "1307"]
[BlackElo "1460"]
[PlyCount "70"]

1. d4 d5 2. c4 e6 3. Nc3 Nf6 4. Bg5 h6 5. Bh4 Be7 6. Nf3 Nc6 7. e3 O-O 8. Bd3
dxc4 9. Bxc4 b6 10. O-O Bb7 11. Re1 Na5 12. b3 c5 13. Be2 Ne4 14. Nxe4 Bxh4 15.
Nxh4 Qxh4 16. Ng3 cxd4 17. Qxd4 Qxd4 18. exd4 Bd5 19. Rac1 Rac8 20. Ba6 Rcd8
21. Rc7 Nc6 22. Ne2 Ra8 23. Bb7 Nxd4 24. Bxa8 Nxe2+ 25. Rxe2 Bxa8 26. Rxa7 Rc8
27. h3 Bd5 28. Rd2 g5 29. g4 Rc1+ 30. Kh2 Rh1+ 31. Kg3 Rg1+ 32. Kh2 Rg2+ 33.
Kh1 Rxf2+ 34. Kg1 Rxd2 35. Rc7 Rxa2 0-1

[Event "Tournoi Skype 016B"]
[Site "Skype"]
[Date "????.??.??"]
[Round "4.6"]
[White "Rivas, Jonathan"]
[Black "Rajpurohit, Dinesh"]
[Result "1-0"]
[WhiteElo "1379"]
[BlackElo "1544"]
[PlyCount "85"]

1. e4 c5 2. Nf3 Nc6 3. Bc4 a6 4. a3 Nf6 5. Nc3 e6 6. d4 cxd4 7. Nxd4 e5 8. Nxc6
bxc6 9. O-O Be7 10. Be3 O-O 11. Qf3 d6 12. h3 Nh5 13. Qxh5 Kh8 14. Ne2 Bf6 15.
Ng3 d5 16. Bd3 d4 17. Bd2 g6 18. Qf3 Bg7 19. Kh2 c5 20. Rh1 Bb7 21. Kg1 f5 22.
Qe2 fxe4 23. Bxe4 Bxe4 24. Qxe4 Qf6 25. f3 Rae8 26. h4 h5 27. Bg5 Qe6 28. Rc1
c4 29. c3 d3 30. Qe3 Qd5 31. Ne4 Rf4 32. Bxf4 exf4 33. Qxf4 Rf8 34. Qe3 Bd4 35.
Qxd4+ Qxd4+ 36. cxd4 Rb8 37. Rb1 d2 38. Nxd2 Rc8 39. d5 c3 40. bxc3 Rxc3 41. d6
Rd3 42. Nc4 Kg8 43. Kh2 1-0

[Event "Tournoi Skype 016B"]
[Site "Skype"]
[Date "????.??.??"]
[Round "4.7"]
[White "Ramirez Reina, Orlando"]
[Black "Ruiz Gomez, Luz Alba"]
[Result "1-0"]
[WhiteElo "1493"]
[BlackElo "1339"]
[PlyCount "135"]

1. d4 d5 2. Nf3 Nf6 3. Bf4 e6 4. e3 Nbd7 5. c4 c6 6. Nc3 Qa5 7. Qc2 Bb4 8. Nd2
O-O 9. Nb3 Qb6 10. c5 Qd8 11. Be2 b6 12. O-O Bb7 13. Bd6 Re8 14. Rfd1 Bxc3 15.
Qxc3 Ne4 16. Qc2 Nxd6 17. cxd6 Nf6 18. Rac1 Qxd6 19. Bd3 Rac8 20. Qe2 a5 21. e4
e5 22. dxe5 Qxe5 23. exd5 cxd5 24. Qxe5 Rxe5 25. Nd4 Rd8 26. Rc7 Rd7 27. Rdc1
Re8 28. Rxd7 Nxd7 29. Rc7 Bc8 30. g3 Nf6 31. Nf5 Bxf5 32. Bxf5 g6 33. Bd3 d4
34. Rb7 Nd5 35. Bb5 Rd8 36. Kf1 Nf6 37. Ke2 Ne4 38. f3 Nc5 39. Rxb6 d3+ 40. Kd2
Ne6 41. Bxd3 Ng5 42. Ke3 Re8+ 43. Kf4 Ne6+ 44. Kg4 h5+ 45. Kh3 Ng5+ 46. Kg2 Re3
47. Rb8+ Kg7 48. Bc4 Rxf3 49. h4 Rf5 50. hxg5 Rxg5 51. Rb7 Rf5 52. Ra7 g5 53.
a3 Kh6 54. Rxf7 Rxf7 55. Bxf7 h4 56. gxh4 Kg7 57. Bc4 g4 58. Kg3 Kh6 59. b4
axb4 60. axb4 Kg7 61. b5 Kf8 62. b6 Ke7 63. b7 Kd8 64. b8=Q+ Ke7 65. Qe5+ Kd8
66. Kxg4 Kc8 67. Qg7 Kd8 68. h5 1-0

[Event "Tournoi Skype 016B"]
[Site "Skype"]
[Date "????.??.??"]
[Round "4.8"]
[White "Le Brun, Yves"]
[Black "Cengiz, Cem"]
[Result "1-0"]
[WhiteElo "1449"]
[BlackElo "1306"]
[PlyCount "59"]

1. d4 d5 2. Nf3 Nf6 3. Bf4 Nbd7 4. e3 e6 5. Bd3 Nh5 6. Bg3 f6 7. Nh4 Nxg3 8.
hxg3 e5 9. Qh5+ Ke7 10. Ng6+ hxg6 11. Qxh8 e4 12. Be2 Qe8 13. Nc3 Nb6 14. g4
Kf7 15. a3 Bd7 16. Qh2 Qc8 17. f3 Bd6 18. g3 Qe8 19. f4 c6 20. O-O Nc4 21. Bxc4
dxc4 22. f5 gxf5 23. Qh5+ Kf8 24. Qxe8+ Rxe8 25. gxf5 Bxg3 26. Kg2 Bc7 27. Rf2
a5 28. Rh1 Kf7 29. Rh5 g6 30. Rh7+ 1-0

[Event "Tournoi Skype 016B"]
[Site "Skype"]
[Date "????.??.??"]
[Round "4.9"]
[White "Porcabeuf, Jean-Marc"]
[Black "Tamditi, Ibrahim"]
[Result "1-0"]
[WhiteElo "1438"]
[BlackElo "1296"]
[PlyCount "67"]

1. d4 d5 2. c4 dxc4 3. e4 e6 4. a3 Nc6 5. Nf3 Be7 6. Bxc4 a6 7. Nc3 Na5 8. Ba2
c5 9. Qa4+ Nc6 10. dxc5 Bxc5 11. O-O Bd7 12. Qc4 Be7 13. e5 Rc8 14. Qd3 Qc7 15.
Re1 h6 16. Bf4 Bc5 17. b4 Ba7 18. Ne4 Rd8 19. Nd6+ Kf8 20. Rac1 Qb6 21. Re2 Bb8
22. Be3 Nxe5 23. Nxe5 Qxd6 24. Bc5 Qxc5 25. bxc5 Bxe5 26. Rxe5 Ne7 27. h3 Nc6
28. Qd6+ Ke8 29. Re2 Nb8 30. Qc7 Bc6 31. Bxe6 fxe6 32. Rxe6+ Kf8 33. Qe7+ Kg8
34. Qxd8+ 1-0

[Event "Tournoi Skype 016B"]
[Site "Skype"]
[Date "????.??.??"]
[Round "4.11"]
[White "Gieschen, Mike"]
[Black "De Nobrega, George"]
[Result "0-1"]
[WhiteElo "1338"]
[BlackElo "1399"]
[PlyCount "60"]

1. e4 e5 2. Nf3 Nf6 3. Nc3 d5 4. Bb5+ Bd7 5. Bxd7+ Qxd7 6. Nxe5 Qe6 7. d4 dxe4
8. O-O Bb4 9. Nb5 Qb6 10. c4 O-O 11. a3 Be7 12. Bg5 a6 13. Bxf6 Bxf6 14. Nc3
Bxe5 15. dxe5 Nc6 16. Qd5 Qxb2 17. Nxe4 Qxe5 18. Qxe5 Nxe5 19. Rac1 Rfe8 20. f4
Nd3 21. Rcd1 Rxe4 22. Rxd3 Rxc4 23. Rfd1 h6 24. Rd8+ Rxd8 25. Rxd8+ Kh7 26. Rd7
Kg6 27. g3 Rc2 28. a4 b5 29. a5 b4 30. Rd1 b3 0-1

[Event "Tournoi Skype 016B"]
[Site "Skype"]
[Date "????.??.??"]
[Round "4.12"]
[White "Sepulveda, Lyda Marcela"]
[Black "Morin, Claude"]
[Result "1-0"]
[WhiteElo "1246"]
[BlackElo "1399"]
[PlyCount "57"]

1. e4 e5 2. Nf3 Nc6 3. Bc4 Nf6 4. d3 d6 5. c3 Na5 6. Bb5+ Bd7 7. Bxd7+ Qxd7 8.
O-O Be7 9. Re1 h6 10. d4 Nc4 11. dxe5 Nxe4 12. Rxe4 Qe6 13. Qa4+ Kf8 14. Rxc4
Rc8 15. Re4 d5 16. Re2 a6 17. c4 Rd8 18. Be3 dxc4 19. Nc3 f6 20. Bd4 Qf5 21.
exf6 gxf6 22. Rae1 Rxd4 23. Nxd4 Qg6 24. Qc2 Qg5 25. Ne6+ Kf7 26. Nxg5+ Kg7 27.
Rxe7+ Kf8 28. Qg6 fxg5 29. Qf7# 1-0

[Event "Tournoi Skype 016B"]
[Site "Skype"]
[Date "????.??.??"]
[Round "4.13"]
[White "Sahrane, Juba"]
[Black "Lequeux, Pierre"]
[Result "0-1"]
[WhiteElo "1399"]
[BlackElo "1226"]
[PlyCount "102"]

1. d4 Nf6 2. Nf3 d5 3. Nc3 e6 4. e3 a6 5. a4 Bb4 6. Bd2 O-O 7. g3 Qe8 8. Bg2
Bd7 9. Ne5 Bxc3 10. Nxd7 Bxd2+ 11. Qxd2 Nbxd7 12. O-O Nb6 13. b3 a5 14. Rfe1 c6
15. Rad1 e5 16. e4 dxe4 17. Bxe4 Nxe4 18. Rxe4 Rd8 19. Qxa5 Nd5 20. Rxe5 Qd7
21. c4 Rfe8 22. cxd5 Rxe5 23. dxe5 cxd5 24. Rxd5 Qxd5 25. Qxd5 Rxd5 26. f4 Rd3
27. b4 Rd4 28. f5 Rxb4 29. e6 fxe6 30. fxe6 Kf8 31. a5 Ra4 32. h4 Rxa5 33. g4
Ke7 34. h5 Kxe6 35. g5 Rxg5+ 36. Kf2 Rxh5 37. Ke3 Rd5 38. Ke4 Ra5 39. Kf4 b5
40. Ke4 b4 41. Kd3 Rc5 42. Kd2 b3 43. Kd3 b2 44. Kd4 Rc1 45. Kd3 b1=Q+ 46. Kd2
Rc2+ 47. Kd3 Rc5+ 48. Kd2 Qb3 49. Ke2 Rc2+ 50. Kd1 Rh2+ 51. Kc1 Rh1+ 0-1

[Event "Tournoi Skype 016B"]
[Site "Skype"]
[Date "????.??.??"]
[Round "4.14"]
[White "Lemoine, Gerard"]
[Black "Torres, Vicky"]
[Result "1-0"]
[WhiteElo "1178"]
[BlackElo "1399"]
[PlyCount "129"]

1. d4 Nf6 2. c4 e6 3. Nf3 d5 4. Bg5 Be7 5. e3 O-O 6. Bd3 Nc6 7. a3 a6 8. Nc3
Rb8 9. Bxf6 Bxf6 10. cxd5 exd5 11. Qb3 Na5 12. Qa2 Be6 13. Rb1 Bg4 14. Nxd5
Bxf3 15. Nxf6+ Qxf6 16. gxf3 Rbe8 17. Qd5 Nc6 18. Qf5 Qxf5 19. Bxf5 Nxd4 20.
Be4 Ne6 21. Bxb7 f5 22. Bd5 Kh8 23. Bxe6 Rxe6 24. Rc1 c6 25. Rc5 f4 26. e4 g6
27. h4 Rb8 28. b4 Kg7 29. Rg1 h5 30. Kf1 Kh6 31. Rgg5 Rd6 32. Ke2 Rbd8 33. Rc2
Rd3 34. Rxc6 Rd2+ 35. Kf1 Rd1+ 36. Kg2 R8d6 37. Rcc5 R1d3 38. Rcd5 Rd2 39. Rxd6
Rxd6 40. b5 axb5 41. Rxb5 Ra6 42. Rg5 Rxa3 43. e5 Ra6 44. Kf1 Rc6 45. Ke2 Kg7
46. Kd3 Kf7 47. Ke4 Ke6 48. Rxg6+ Kd7 49. Rxc6 Kxc6 50. Kxf4 Kd7 51. Kf5 Ke7
52. f4 Kf7 53. Kg5 Ke6 54. Kxh5 Kf5 55. e6 Kxe6 56. Kg5 Kf7 57. f5 Kg7 58. h5
Kf7 59. f4 Kg7 60. h6+ Kf7 61. f6 Kg8 62. Kg6 Kf8 63. f5 Kg8 64. Kh5 Kf7 65. h7
1-0

[Event "Tournoi Skype 016B"]
[Site "Skype"]
[Date "????.??.??"]
[Round "4.15"]
[White "Baker, Abi"]
[Black "Perrone, Gabriel Lorenzo"]
[Result "0-1"]
[WhiteElo "1170"]
[BlackElo "1404"]
[PlyCount "56"]

1. c4 c5 2. Nc3 Nc6 3. e4 d6 4. g3 Nf6 5. Bg2 e5 6. d3 a6 7. a4 Bd7 8. Nge2 Na7
9. O-O Be7 10. f4 b5 11. b3 O-O 12. f5 Rb8 13. axb5 Qc7 14. bxa6 Ra8 15. Nd5
Nxd5 16. exd5 Rfb8 17. Nc3 Qb6 18. Ra3 Nc8 19. Qg4 Rxa6 20. f6 Bxg4 21. fxe7
Nxe7 22. Ne4 Bf5 23. Nxd6 Qxd6 24. Be4 Bh3 25. Rf3 Rxa3 26. Bxa3 Rxb3 27. Bxh7+
Kxh7 28. Bc1 Rb1 0-1

[Event "Tournoi Skype 016B"]
[Site "Skype"]
[Date "????.??.??"]
[Round "4.16"]
[White "Bustos, Ricardo"]
[Black "Melin, Christiane"]
[Result "1-0"]
[WhiteElo "1197"]
[BlackElo "1144"]
[PlyCount "49"]

1. d4 d5 2. Nf3 Nf6 3. c4 c6 4. Nc3 Bf5 5. Bf4 Nbd7 6. e3 e6 7. a3 Be7 8. cxd5
cxd5 9. Bd3 O-O 10. O-O Rc8 11. Rc1 Nb6 12. Bxf5 exf5 13. Qd3 a6 14. Qxf5 Rc4
15. Qd3 Qc8 16. Ne5 a5 17. Nxc4 Nxc4 18. Qe2 g6 19. Be5 Kg7 20. Nxd5 Qd8 21.
Nxe7 Qxe7 22. Qxc4 Qd7 23. Qc5 Rc8 24. Qxc8 Qxc8 25. Rxc8 1-0

[Event "Tournoi Skype 016B"]
[Site "Skype"]
[Date "????.??.??"]
[Round "4.17"]
[White "Cossalter, Maurizio"]
[Black "Blaevoet, Rebecca"]
[Result "1-0"]
[WhiteElo "1503"]
[BlackElo "1273"]
[PlyCount "57"]

1. e4 Nc6 2. d4 e6 3. c4 Bb4+ 4. Nc3 Nge7 5. a3 Bxc3+ 6. bxc3 O-O 7. Nf3 a6 8.
Be2 Rb8 9. O-O b5 10. cxb5 axb5 11. Rb1 d5 12. Rxb5 dxe4 13. Rxb8 Nxb8 14. Ng5
h6 15. Nxe4 Bb7 16. Bf3 Ba6 17. Re1 f5 18. Nc5 Rf6 19. Qa4 Qd6 20. g3 g5 21.
Qe8+ Rf8 22. Qh5 g4 23. Rxe6 Qd8 24. Bd1 c6 25. Rxh6 Qa5 26. Bb3+ Rf7 27. Rh8+
Kg7 28. Qh7+ Kf6 29. Qxf7# 1-0

[Event "Tournoi Skype 016B"]
[Site "Skype"]
[Date "????.??.??"]
[Round "4.19"]
[White "Vincent, Andre"]
[Black "Farfallini, Michel"]
[Result "0-1"]
[WhiteElo "1404"]
[BlackElo "1278"]
[PlyCount "78"]

1. d4 d5 2. c4 e6 3. a3 Nf6 4. Nc3 Be7 5. Nf3 O-O 6. e3 Re8 7. Qc2 c5 8. Be2
cxd4 9. exd4 Nbd7 10. Bf4 Nf8 11. O-O Bd6 12. Bxd6 Qxd6 13. c5 Qe7 14. Ne5 N8d7
15. Bb5 a6 16. Bxd7 Nxd7 17. Rfe1 Nf8 18. Nf3 Bd7 19. Nxd5 Qd8 20. Qd2 exd5 21.
Rxe8 Bxe8 22. Re1 Bc6 23. b3 Nd7 24. b4 Nf6 25. Ne5 Qc7 26. Nxc6 bxc6 27. f3
Re8 28. Rxe8+ Nxe8 29. g3 Qb8 30. Qf4 Qxf4 31. gxf4 Nc7 32. a4 Ne6 33. Kf2 Nxd4
34. Ke3 Ne6 35. f5 Nc7 36. f4 Kf8 37. h3 Ke7 38. Kd4 Kf6 39. b5 axb5 0-1

[Event "Tournoi Skype 016B"]
[Site "Skype"]
[Date "????.??.??"]
[Round "4.21"]
[White "Amato, Ludovica"]
[Black "Bhandari, Dattatrey"]
[Result "1-0"]
[WhiteElo "1188"]
[BlackElo "1399"]
[PlyCount "49"]

1. e4 c6 2. Nf3 d6 3. Nc3 Bg4 4. Be2 Bh5 5. O-O Bg6 6. Nh4 e5 7. Nxg6 hxg6 8.
d4 Nd7 9. Be3 Qc7 10. dxe5 Nxe5 11. Re1 Be7 12. Qd4 Bf6 13. Qa4 b6 14. Nd5 Qd8
15. Rad1 Ne7 16. Nxf6+ gxf6 17. Bd2 a5 18. b3 Rh4 19. Bc1 Nc8 20. Bb2 Na7 21.
Ba3 Ke7 22. Rd2 Nc8 23. Red1 b5 24. Qd4 Qh8 25. Bxd6+ 1-0

[Event "Tournoi Skype 016B"]
[Site "Skype"]
[Date "????.??.??"]
[Round "4.22"]
[White "Douichi, Mohammed"]
[Black "Kayali, Furkan"]
[Result "0-1"]
[WhiteElo "1176"]
[BlackElo "1377"]
[PlyCount "52"]

1. c4 e5 2. Nc3 Bc5 3. e3 Nc6 4. Nf3 Nf6 5. d3 d5 6. d4 e4 7. dxc5 exf3 8. Qxf3
d4 9. Nd5 Bg4 10. Qg3 Qd7 11. Qe5+ Nxe5 12. exd4 Nc6 13. Be3 Nxd5 14. cxd5 Qxd5
15. Be2 Bxe2 16. Kxe2 Nxd4+ 17. Kd3 Nb3+ 18. Ke2 Nxa1 19. Rd1 Qxa2 20. Bc1 Nb3
21. Be3 Qxb2+ 22. Kf1 O-O 23. Re1 Nd2+ 24. Bxd2 Qxd2 25. Re2 Qd3 26. Ke1 Rfe8
0-1

[Event "Tournoi Skype 016B"]
[Site "Skype"]
[Date "????.??.??"]
[Round "4.23"]
[White "Martin, Elise"]
[Black "Milanese, Serge"]
[Result "0-1"]
[WhiteElo "1114"]
[BlackElo "1342"]
[PlyCount "98"]

1. e4 e5 2. Nf3 Nf6 3. d3 g6 4. Bg5 d6 5. c3 c5 6. Be2 Bg7 7. O-O Qc7 8. h3 a6
9. Qd2 h5 10. Nh4 Be6 11. Qe3 Nbd7 12. Nd2 d5 13. Ndf3 dxe4 14. dxe4 Qc6 15.
Nxe5 Nxe5 16. Nf3 Nxe4 17. Qf4 Nxf3+ 18. Bxf3 f5 19. Rad1 Qb5 20. Rd8+ Rxd8 21.
Bxd8 Kxd8 22. Qb8+ Ke7 23. Qf4 Qxb2 24. a4 b6 25. Qc7+ Kf6 26. Qf4 Nxc3 27.
Qh4+ Kf7 28. Bb7 Ne2+ 29. Kh2 Be5+ 30. Kh1 Bc4 31. Qxc4+ Kg7 32. Qe6 Rd8 33.
Qe7+ Kh6 34. Qxd8 c4 35. Qf8+ Kg5 36. f4+ Bxf4 37. Bxa6 Ng3+ 38. Kg1 Be3+ 39.
Kh2 Nxf1+ 40. Kh1 Qf2 41. Qd8+ Kh6 42. Qh8+ Kg5 43. Qd8+ Kf4 44. Qb8+ Kg5 45.
Qd8+ Kf4 46. Qb8+ Ke4 47. Qe8+ Kd3 48. Qd8+ Kc2 49. Bxc4 Qg1# 0-1

[Event "Tournoi Skype 016B"]
[Site "Skype"]
[Date "????.??.??"]
[Round "4.24"]
[White "Farthouat, Catherine"]
[Black "Karia, Kirti"]
[Result "0-1"]
[WhiteElo "1071"]
[BlackElo "1332"]
[PlyCount "40"]

1. e4 e5 2. Nf3 Nc6 3. Bb5 Nd4 4. Ng5 Qxg5 5. O-O Nxb5 6. c4 Nd4 7. d3 Qg6 8.
Nc3 d5 9. exd5 Bh3 10. g3 Bxf1 11. Kxf1 Bc5 12. Be3 Nf6 13. Qa4+ c6 14. Rd1 O-O
15. h4 Ng4 16. Bg5 h6 17. Bc1 Qf5 18. Kg2 Qxf2+ 19. Kh3 f5 20. h5 Qh2# 0-1